| 000 | 00503nam a2200169 a 4500 | ||
|---|---|---|---|
| 001 | 2299 | ||
| 005 | 20140414131909.0 | ||
| 008 | 010306s19uu xx 00 eng d | ||
| 020 | _a0-590-02566-X | ||
| 050 |
_aER _bB72 1964 |
||
| 100 | _aHoban, Russell | ||
| 245 |
_aBread and Jam for Frances / _cby Russell Hoban ; pictures by Lillian Hoban. |
||
| 260 |
_aNew York : _bScholastic Book Services, _c1964. |
||
| 300 | _a31 p. : ill. ; cm. | ||
| 650 | _aChildren's Stories -- Fiction. | ||
| 999 |
_c111126 _d111126 |
||